000 00486nam a2200157 i 4500
001 84627
003 ES-MaACL
007 t|
008 041123s1955 sp ||||1| spa d
100 1 _aJanney, Russell.
_966041
245 1 0 _aMientras el amor perdura /
_cRussell Janney ; [versión española de Rosa S. de Naveira].
260 _aBarcelona :
_bExito,
_c[1955] (
_fDuplex)
300 _a443 p. ;
_c20 cm.
700 1 _aNaveira, Rosa S. de.
_985223
852 _aES-MaACL
_jC-9826
_bR.37931
999 _c84627
_d84627